[Event "Biel GM 48th"]
[Site "Biel"]
[Date "2015.07.21"]
[Round "2"]
[White "Eljanov, Pavel"]
[Black "Navara, David"]
[Result "0-1"]
[WhiteElo "2723"]
[BlackElo "2724"]
[Annotator "Marin,M"]
[PlyCount "91"]
[EventDate "2015.07.20"]
[EventType "tourn"]
[EventRounds "10"]
[EventCountry "SUI"]
[EventCategory "19"]
[SourceTitle "CBM 168"]
[Source "ChessBase"]
[SourceDate "2015.09.14"]
[SourceVersion "1"]
[SourceVersionDate "2015.09.14"]
[SourceQuality "1"]

1. d4 Nf6 2. Nf3 g6 3. g3 Bg7 4. Bg2 d5 5. O-O c6 6. Bf4 O-O 7. Qc1 {A slow
system of development. White does not aspire to a concrete advantage out of
the opening, but hopes that his extra tempo would tell in a long manoeuvring
game.} Bg4 {Several other moves have been tried here. Of course, concrete
lines are not an issue at this height of the game, without any pawn tension,
so I have just picked a few example illustrating the typical plans.} (7... Bf5
8. Rd1 Nbd7 9. c4 Qb6 10. c5 Qd8 {White has gained two tempi, but the
consequences of blocking the queenside are far from one-sided. Black gets the
possibility of breaking the pawn chain with either ...b7-b6 or ...e7-e5.} 11.
Nc3 Re8 12. Nh4 {Forcing the bishop to block the e-pawn, thus delaying the
break in the centre.} Be6 13. b4 b6 14. b5 $6 {With his development incomplete,
White does not get much out of this daring pawn break.} ({It would have been
worth considering continuing the piece mobilisation. The most natural way of
doing it is} 14. Rb1) 14... Qc8 (14... Rc8 {looks more natural, putting some
pressure on the white queen.}) 15. e4 $6 {This is pushing things too far.} ({
True, White does not have an advantage after} 15. cxb6 axb6 16. bxc6 Qxc6 17.
Nxd5 $5 {Nice, but not lethal.} Qxc1 18. Nxf6+ Nxf6 19. Rdxc1 Nd5 20. Nf3 Nxf4
21. gxf4 Rxa2 $11) 15... bxc5 16. bxc6 Qxc6 17. exd5 Nxd5 18. dxc5 Bxc3 19.
Qxc3 Nxc3 20. Bxc6 Nxd1 21. Rxd1 Nxc5 $17 {Bacrot,E (2718)-Dominguez Perez,L 
(2726) Beijing 2014 (0-1, 27)}) (7... Re8 {This is a bit mysterious, since
White rarely plays Bh6 at such an early stage. At the same time, the central
break ...e7-e5 is improbable yet.} 8. c4 Bf5 9. Rd1 Nbd7 10. b3 Rc8 11. Nc3
dxc4 (11... b5 $5) 12. bxc4 c5 {This may be a bit premature.} (12... Qa5 $5 {
[%cal Gc6c5] /\x...c5} 13. c5 $140 b6 $132) 13. Qa3 (13. dxc5 Rxc5 14. Nd2 {
[%csl Gb7][%cal Gf4e3] is more energetic.} Qc8 15. Be3 Ra5 16. Nb3 Ra6 17. Nd4
$36) 13... Qb6 (13... Ne4 14. Nxe4 Bxe4 $11) 14. Rac1 e6 {D'Amore,C (2492)
-Libiszewski,F (2543) Forni di Sopra 2014 (0-1, 31)} 15. Qb3 $14) (7... Qb6 8.
c4 dxc4 {A curious decision with the queen on b6.} (8... Bf5 {would more or
less transpose to the first quoted game above.}) 9. Na3 Qa6 10. Nxc4 Be6 11. b3
Bd5 {Even so, it is not simple for White to make use of his space advantage.
The g2-bishop is neutralised and the centre is hard to set in motion.} 12. Re1
({White does not get much by natural centralising:} 12. Rd1 Nbd7 13. Qb2 c5 14.
Rac1 Rac8 $11) 12... Nbd7 13. Nce5 Nxe5 14. Bxe5 Rfd8 15. h4 Qb6 16. Ng5 Bxg2
17. Kxg2 h6 18. Nf3 h5 19. Qd2 e6 20. e3 a5 21. a4 {Black has no immediate
worries, but the next move causes him some.} Qb4 $6 22. Qxb4 axb4 23. Bxf6 $1 {
A thematic exchange. After the pawn has emerged on b4, White can abstractly
play for a good knight versus a bad bishop. Moreover, Black threatened to
transfer his knight to c3.} Bxf6 24. Rac1 $14 {Romanishin,O (2547)-Paunovic,D 
(2535) Figueira da Foz 2007 (1-0, 31)}) 8. Nbd2 Nh5 $146 {A new move which
worked out well in this game, but its merits remain unclear to me.} (8... Ne4
9. Re1 Nxd2 10. Qxd2 Nd7 11. e4 dxe4 12. Rxe4 Bxf3 13. Bxf3 e5 14. dxe5 Nxe5
15. Be2 $14 {Dizdarevic,E (2515)-Horvath,C (2535) Makarska 1994 (1-0, 31)}) 9.
Bg5 $6 {This only helps Black gaining a tempo for his central initiative.} ({
After} 9. Be3 Qc8 10. c4 {Black would probably have to return with his knight}
Nf6 11. b3 {with more or less familiar play.}) 9... f6 $1 10. Be3 e5 $36 11. h3
Be6 12. g4 ({Making a few intermediate moves before attacking the h5-knight
does not change the evaluation:} 12. Nb3 e4 13. Nc5 Bf7 14. g4 (14. Nxb7 Qe7
15. Nd2 Nxg3 16. fxg3 Qxb7 $15) (14. Nd2 b6 {[%cal Gf6f5]} 15. Ncxe4 dxe4 16.
g4 g5 17. gxh5 f5 $15) 14... b6 15. Nb3 exf3 16. Bxf3 Qd7 17. Kg2 g5 18. gxh5
Be6 19. Rh1 h6 $36 {[%cal Gf6f5,Gb8a6,Ga6c7]}) 12... Nf4 13. Bxf4 exf4 $15 {
Black has the bishop pair and his f4-pawn ensures him some kingside space
advantage. At the same time, the white king is a bit unsafe.} 14. Nb3 Qc7 15.
Nc5 Bf7 16. b3 g5 {Defending f4 in order to prepare ...Nd7.} 17. c4 Nd7 18. Nd3
Rae8 19. Re1 h5 $36 20. gxh5 {A tough decision to take. White gives up an
important outpost and exposes his f3-knight to the positional attack ...f6-f5
followed by ...g5-g4.} ({Playing with a vulnerable pawn on g4 is not fun
either.} 20. Qc2 hxg4 21. hxg4 dxc4 22. bxc4 Nb6 23. c5 Nd5 24. Rab1 Qc8 25.
Nh2 f5 $15) 20... dxc4 {Giving up the control of the e4-square could have
played into White's hands.} ({The immediate} 20... Nb6 {would have been safer,
for instance} 21. c5 Nc8 22. b4 Bxh5 23. Rb1 Ne7 24. b5 Nf5 $15) 21. bxc4 Nb6 {
Portisch,L (2630)-Smyslov,V (2620) Candidates reserve 1971 (3) 0-1 The first
time I saw this type of willing giving up the centre was in the game} 22. c5
Nd5 23. Qa3 $6 ({White fails to take his chance:} 23. Nd2 $1 Bxh5 24. Ne4 {
[%cal Ge4d6] would offer him ample counterplay.}) 23... Bxh5 24. Nb4 (24. Qxa7
$2 Ra8) (24. Rab1 $5 b5 $140 25. cxb6 axb6 26. Nb4 $132) 24... Nxb4 25. Qxb4
Re7 26. Rab1 Rfe8 $15 {Black is perfectly mobilised and can think already of
combining the pressure on the e-file with the advance of the kingside pawns.}
27. d5 {A thematic break, aimed at changing the course of the game, which will
eventually make things even worse for White.} cxd5 28. Nd4 Qd7 29. Qb3 Kh8 (
29... Bf7 30. Nb5 $132) 30. Qxd5 $6 (30. Bxd5 g4 $40) (30. Rbd1 $5) 30... Qxd5
31. Bxd5 Rd7 32. Bf3 Bxf3 33. Nxf3 Bf8 $17 {White simply loses a pawn without
having improved his position a bit.} 34. c6 (34. Rbc1 Rc7 $17) 34... bxc6 35.
Kf1 Kg7 {The king hurries to sustain the long awaited kingside attack.} 36.
Rec1 c5 37. Rc2 Kg6 38. Ne1 f5 39. Rbc1 g4 ({Black could have still prepared
this with, say} 39... Rh7 {for instance} 40. Kg2 g4 41. hxg4 fxg4 {The dangers
for White are illustrated by the following line:} 42. Nd3 Bd6 43. Nxc5 f3+ 44.
exf3 Rh2+ 45. Kg1 gxf3 46. Ne4 Reh8 47. Ng3 Rg2+ 48. Kf1 Bxg3 49. fxg3 Rh1#)
40. hxg4 fxg4 41. Rc4 Kg5 $6 {This could have led to losing part of the
advantage.} ({The kings stands better on f5. After} 41... Kf5 $1 {White does
not have} 42. Nd3 {anymore due to} f3 43. Nxc5 fxe2+ 44. Ke1 Rh7 $19) 42. Ng2
$2 ({But now} 42. Nd3 $1 {would have offered saving chances:} f3 43. Nxc5 fxe2+
44. Ke1 $15 Rh7 45. Ne4+ $1 {This resource was not available in the line above.
} Rxe4 46. Rxe4 Rh1+ 47. Kd2 Bb4+ $1 48. Rxb4 Rxc1 49. Kxe2 Rc2+ 50. Ke3 Rxa2
51. Rb8 $15 {/=}) 42... Rh7 $6 {Too straightforward. It is curious that Navara
played the moves ...g4 and ...Rh7 in the wrong order.} (42... Rd4 $5 $19 {
keeps the extra pawn and a clear domination.}) 43. Rxc5+ $2 {White obviously
did not anticipate Black's fantastic 44th move.} ({The calm} 43. Kg1 $1 {
would have kept things under control, for instance} f3 44. Ne3 (44. exf3 $2
gxf3 45. Ne3 Bd6 46. Rd1 Bh2+ 47. Kf1 Be5 48. Rg4+ Kf6 $19) 44... fxe2 45.
Rxg4+ Kf6 46. Re1 $11) 43... Bxc5 44. Rxc5+ Re5 $3 {What a shock! The rook is
decoyed on to a vulnerable square.} (44... Kf6 45. Nxf4 $15) 45. Rxe5+ Kf6 46.
Rd5 {I am not sure whether this was really played, as Black mates in one.} ({
After} 46. Nxf4 Kxe5 47. Nd3+ Ke4 $19 {The absence of one rook on each side
with respect to the line Eljanov must have counted on (see comment on 44...Re5)
makes Black's position winning. The a-pawn is doomed.}) 0-1

[Event "EU-chT (Men) 21st"]
[Site "Heraklion"]
[Date "2017.11.05"]
[Round "8.2"]
[White "Meier, Georg"]
[Black "Rodshtein, Maxim"]
[Result "1-0"]
[WhiteElo "2655"]
[BlackElo "2699"]
[Annotator "Meier,Georg"]
[PlyCount "55"]
[EventDate "2017.10.28"]
[EventType "team-swiss"]
[EventRounds "9"]
[EventCountry "GRE"]
[SourceTitle "CBM 182"]
[Source "ChessBase"]
[SourceDate "2018.01.17"]
[SourceVersion "1"]
[SourceVersionDate "2018.01.17"]
[SourceQuality "1"]
[WhiteTeam "Germany"]
[BlackTeam "Israel"]
[WhiteTeamCountry "GER"]
[BlackTeamCountry "ISR"]

1. Nf3 d5 2. g3 Nf6 {Bereits eine Überraschung für mich. Ich glaubte Maxim
würde versuchen sicher auszugleichen und dafür zu symmetrischem Grünfeld
greifen.} ({Z.B. mittels} 2... g6 3. Bg2 Bg7 4. d4 Nf6) 3. Bg2 e6 4. O-O c5 {
Ich konnte mich an keine Partie von Maxim in dieser Variante erinnern, aber da
ich hier stets 5.c4 spiele war klar worauf er sich vorbereitet hatte.
Angesichts seiner mangelnden Erfahrung machte es Sinn gleich die Spur zu
wechseln.} 5. d4 (5. c4 d4 6. e3 Nc6 7. exd4 cxd4 8. d3 Bd6 {Ist zuletzt
populär geworden - als anspruchsvoller Versuch mit Schwarz auf Gewinn zu
spielen.}) 5... cxd4 6. Nxd4 Be7 {Dieser Zug zeigt gleich, dass 5.d4 an diesem
Tag eine kluge Wahl war. Maxim vermeidet die Hauptvariante 6...e5 und gerät
stattdessen in einen katalanischen Stellungstypen in dem stets genaues Spiel
nötig ist um auszugleichen - mit wenig Chancen auf mehr.} 7. c4 O-O 8. cxd5
Nxd5 9. b3 (9. Qb3 $5 {[%csl Rd8][%cal Gf1d1,Rd1d8] bereitet Schwarz mehr
Probleme mit der Entwicklung.}) (9. e4 {gefiel mir intuitiv nicht, denn dem
Bg2 wird der Blick versperrt und Schwarz kommt gleich durch Springertausch zur
Entlastung:} Nb4 10. Nc3 N8c6 11. Nxc6 Nxc6 12. Be3 Qa5) 9... Qa5 $5 $146 {
Ambitioniert gespielt! Schwarz versucht schnell Druck auf der d-Linie
aufzubauen.} ({Ich erwartete:} 9... Bd7 10. Bb2 Nc6 11. Na3 {mit Blickrichtung
c4-e5. Weiss wird positionellen Druck ausüben.}) (9... Qb6 $6 10. Bb2 Rd8 11.
Nd2) 10. Bb2 Rd8 11. Qd2 $1 {Hier beginnen die Subtilitäten - beide Seiten
versuchen ein gutes Feld für die Dame zu finden. Mit diesem Zug stellte ich
eine positionelle Falle auf die Maxim mit 11...Qb6 entschärfen konnte. Da d2
dem Springer nicht mehr zugänglich ist, würde die schwarze Dame dort nicht
weiter belästigt. Ich wollte den nächsten schwarzen Zug provozieren, wonach
meine eigene Dame gut auf c2 steht und ich ein Tempo gegen den Bb4 gewinne.
Kleine Zugeständnisse führen in diesem Stellungstyp oft dazu, dass die
unterlegene Seite immer größere Schwierigkeiten erhält die Entwicklung
harmonisch zu beenden.} Bb4 $2 (11... Qb6 $142) 12. Qc2 Bd7 13. a3 Bf8 14. b4
$6 {Fuer einen Moment erlaubte ich Maxim sein Hauptproblem - das Fehlen eines
sicheren Platzes für seine Dame - zu lösen.} ({Richtig war mit} 14. Nc3 Nc6
15. Nxd5 {Schwarz eine Schwäche zuzufügen.}) 14... Qa6 $2 (14... Qa4 15. Qxa4
(15. Qd3 Nc6) 15... Bxa4 16. Nc3 Nxc3 17. Bxc3 e5 $1 {diese Pointe hat Maxim
vielleicht übersehen - Schwarz löst seine Entwicklungsprobleme, da er ohne
Zugeständnis zu Nc6 kommen wird} 18. Nf3 f6) 15. Nc3 Nxc3 16. Bxc3 Rc8 $2 ({
Nach} 16... Qb6 {war ich bereit eine sehr starkes positionelles Manöver zu
starten:} 17. Be4 $1 h6 (17... g6 18. Rfc1 Nc6 19. Nf3 Rac8 20. Qb2 {[%csl Rg8]
[%cal Rc3h8]}) 18. Nf3 $1 Nc6 {Die Konstruktion Nc6-Bd7 ist passiv während
Weiss seine Kräfte gegen den schlecht geschützten schwarzen Königsflügel
effektiv postiert. Nach} (18... Bc6 19. Bh7+ Kh8 20. Ne5) 19. Bh7+ $1 Kh8 20.
Bd3 {muss Schwarz bereits äußerst vorsichtig agieren. Die überlegen weisse
Koordination käme nach dem scheinbar natürlichen} Rac8 $2 {entscheidend zum
Tragen:} 21. Qd2 $1 Kg8 22. b5 Ne7 23. Ba5 $18) 17. b5 $1 $18 {Versiegelt den
schwarzen Damenflügel und besiegelt damit die Partie!} Qb6 (17... Bxb5 18.
Nxb5 Qxb5 19. Rfb1 $18 {[%csl Ra8,Rb7,Rc8][%cal Gg2b7]}) 18. Qd2 {Noch einmal
das Thema der Partie: Die schwarze Dame kommt nicht zur Ruhe!} a5 19. a4 Rc4
20. Nb3 Bb4 21. Bxb4 Rxb4 22. Qc3 {Schwarz ist bereits wehrlos und der
nächste Zug ein purer Akt der Verzweiflung.} Na6 23. bxa6 Rxb3 24. axb7 Rf8
25. Qc2 g6 26. Rfd1 Rd8 27. Rac1 Kg7 28. Qc7 1-0

[Event "London Classic 8th"]
[Site "London"]
[Date "2016.12.12"]
[Round "4"]
[White "Giri, Anish"]
[Black "So, Wesley"]
[Result "1/2-1/2"]
[WhiteElo "2771"]
[BlackElo "2794"]
[Annotator "Meier,Georg"]
[PlyCount "112"]
[EventDate "2016.12.09"]
[EventType "tourn"]
[EventRounds "9"]
[EventCountry "ENG"]
[EventCategory "22"]
[SourceTitle "CBM 176"]
[Source "ChessBase"]
[SourceDate "2017.01.17"]
[SourceVersion "1"]
[SourceVersionDate "2017.01.17"]
[SourceQuality "1"]

1. d4 Nf6 2. Nf3 d5 3. Bf4 {Last year in Berlin at the World Rapid and Blitz
Championships both Carlsen and Kramnik begun to employ the London System (they
had trained together before that event). Their successes have inspired many
followers since then. Under Magnus' reign there has been a strong tendency to
look for structures as White where preparation matters less than strategic
ideas and general understanding. Then the trick becomes choosing the type of
position that your opponent would be most uncomfortable with, rather than
trying to prove an advantage right from the start.} c5 4. e3 Nc6 5. Nbd2 e6 ({
After} 5... Qb6 $6 6. dxc5 Qxb2 7. Rb1 Qc3 {an engine will tell you that Black
is doing alright, but} 8. Bb5 e6 9. O-O Be7 10. Nd4 Bd7 11. N2b3 Bxc5 (11...
O-O 12. Bd3 e5 13. Nb5 Qb4 14. a3 Qa4 15. Bg5 {exerts pressure; the queen is
misplaced.}) 12. Nxc5 Qxc5 13. Bd3 $1 Nxd4 14. exd4 Qxd4 15. Bd6 {is certainly
no pleasure to handle as Black, whose king will not find safety.}) 6. c3 cxd4
$5 (6... Bd6 {A lot of top players have chosen this line against the London
System already, so Anish must have spent most of his preparation coming up
with an idea here. And of course he had one more reason to expect his opponent
to go down this road, since Wesley had just won a beautiful game at the
Olympiad:} 7. Bg3 O-O 8. Bd3 b6 9. Qe2 Bb7 10. Rd1 Re8 11. e4 Be7 12. e5 Nh5
13. a3 g6 14. Nf1 f5 15. exf6 Bxf6 16. Ne3 e5 17. dxe5 Nxe5 18. Nxe5 Nxg3 19.
hxg3 Rxe5 20. Bc4 b5 21. Bxb5 Qb6 22. O-O Kg7 $36 {0-1 (34) Sedlak,N-So,W Baku
2016.  This reminded me of a cunning strategy Alexei Shirov likes to employ:
He would look for lines where the opponent scored very well (if he won
brilliantly even better), and then see if he could dig up an unpleasant
surprise for them there, expecting that he could put it to use with near
certainty.}) 7. exd4 Nh5 {The tournament leader goes for an original position,
certainly not anticipated by Anish.} 8. Bg5 f6 9. Be3 Bd6 {White would love to
move his c-pawn to c4 and the knight to c3, but as it stands there is no way
to put pressure on Black.} 10. g3 O-O 11. Bg2 f5 {Justifying the h5-knight.}
12. Ne5 $2 {Anish clearly lost the thread here, misevaluating coming events.} (
12. Ng5 Qe8 13. f4 {would keep a balanced position.}) 12... f4 $1 13. Qxh5 fxe3
14. fxe3 Nxe5 (14... Bxe5 $1 15. dxe5 Bd7 {was stronger still, keeping the
pace up. ...Qb6 and ..Rf5 are in the air. White faces a grim defence, as
trying to relieve the pressure by} 16. Qe2 Nxe5 17. Nf3 {falls short to} Nxf3+
18. Bxf3 Qa5 $1 {/\ ...Bb5} 19. a4 b5) 15. dxe5 Bc5 16. Rf1 $1 {Exchanges to
ease the pressure.} Bxe3 17. Rxf8+ Qxf8 18. Qf3 Qxf3 19. Nxf3 {The worries
about the white king are gone, but certainly Wesley had liked the prospect of
this position as it could become quite passive for White if he were tied to
the defence of the Pe5 (say by a bishop from c7).} Bd7 20. Rd1 Rf8 (20... Bb6 {
may be very precise, since} 21. c4 {is strongly met by} Rc8 22. cxd5 Rc2) 21.
c4 $1 {Anish is correct in trying to liquidate in the position as long as he
still can.} (21. Ke2 Bb6 22. c4 {leaves Black a lot of options, and I can
imagine how one could get irritated by something like} Rf7 $5 (22... Kf7 23.
Nd4 dxc4 24. Rf1+ Ke7 25. Rxf8 Kxf8 26. Ke3 Bc7 27. Bxb7 Bxe5 28. Ba6 {would
be quite a defence as well.}) 23. cxd5 Bb5+ 24. Ke1 exd5 25. Rxd5 Bc4 {but
White has a strong rejoinder:} 26. Nd2 $1 Bxa2 27. b3) 21... Bc6 22. Nd4 $2 ({
But here} 22. Ke2 $1 Bb6 23. Nd4 {would simply be a better version of the game:
} Bxd4 24. Rxd4 Rf5 25. cxd5 Rxe5+ 26. Kd3 exd5 27. Rf4 $1 {shutting the Black
king out and safeguarding the 2nd rank next} Re1 28. Rf2 {and White's perfect
coordination neutralises the extra pawn.}) 22... Bxd4 23. Rxd4 Rf5 24. g4 {
This looks somewhat loose, on g4 the pawn may prove to be exposed.} (24. Rf4
Rxe5+ 25. Kd2 g5 26. Rf2 {should have been considered, again trying to lock
the Black king out.}) 24... Rxe5+ 25. Kf2 Kf7 $17 26. b4 {White tries to
create some action on the queenside, hoping to liquidate as many pawns as
possible.} Ke7 27. b5 Bd7 28. b6 dxc4 29. Rxc4 axb6 30. Rc7 Rb5 31. Rxb7 Kd6 {
It looks like Black is establishing control, but with so few pawns left, there
are always chances for a succesful defence.} 32. Kg3 h6 33. Rb8 Rb2 {Natural,
but not best.} ({Nr. 1 rule when converting a static advantage: Keep an eye on
counterplay at all times!} 33... Rb4 $1 {with the idea to play ...b5, then ...
Ra4 and not letting the white a-pawn run amok, as in the game.} 34. Rg8 Ra4 35.
Rxg7 Ra3+ 36. Kf2 Rxa2+ 37. Kg3 Ra3+ 38. Kf2 b5 {does not inspire any hope for
White.}) 34. Bf3 b5 $6 35. a4 $1 b4 36. a5 Rb3 37. Kg2 $1 {After this precise
move White is holding.} (37. Kf2 $2 Kc5 38. a6 Ra3 39. Rb7 Bb5 $19 40. a7 Rxf3+
$1) 37... Bc6 $6 {Giving in a bit too early.} (37... Kc5 38. a6 Ra3 39. Rb7) ({
After} 37... g5 38. a6 Ra3 {Black could still try for a bit}) 38. Bxc6 Kxc6 39.
a6 Ra3 40. Rxb4 Rxa6 41. h4 {This required no more effort from Anish. On one
side 3 vs 2 promises nothing.} e5 42. Kf3 Kd5 43. Rb5+ Ke6 44. Rb7 Kf6 45. g5+
hxg5 46. hxg5+ Kg6 47. Re7 Ra5 48. Ke3 Rb5 49. Kf3 Rb3+ 50. Kf2 Rb5 51. Kf3 Rd5
52. Ke3 e4 53. Kxe4 Rxg5 54. Kf3 Kh5 55. Re1 Rg4 56. Rh1+ Kg5 {A refreshing
display from Wesley in the opening, but Anish put up a defence and took his
last chance to escape.} 1/2-1/2